<?xml version="1.0" encoding="UTF-8"?>
<record
    xmlns:xsi="http://www.w3.org/2001/XMLSchema-instance"
    xsi:schemaLocation="http://www.loc.gov/MARC21/slim http://www.loc.gov/standards/marcxml/schema/MARC21slim.xsd"
    xmlns="http://www.loc.gov/MARC21/slim">

  <leader>02755cam a22004454i 4500</leader>
  <controlfield tag="003">PE-LiUPU</controlfield>
  <controlfield tag="005">20250731165404.0</controlfield>
  <controlfield tag="008">151002s2011    pe a   grm    000 0 spa d</controlfield>
  <datafield tag="035" ind1=" " ind2=" ">
    <subfield code="a">(Sirsi) a154752</subfield>
  </datafield>
  <datafield tag="040" ind1=" " ind2=" ">
    <subfield code="a">PE-LiUPU</subfield>
    <subfield code="b">spa</subfield>
    <subfield code="c">PE-LiUPU</subfield>
    <subfield code="e">rda</subfield>
  </datafield>
  <datafield tag="099" ind1=" " ind2=" ">
    <subfield code="a">TIS 3 A</subfield>
    <subfield code="b">45 2014</subfield>
  </datafield>
  <datafield tag="100" ind1="1" ind2=" ">
    <subfield code="a">Alvizuri Llerena, Geraldine Ver&#xF3;nica</subfield>
    <subfield code="e">autor</subfield>
  </datafield>
  <datafield tag="245" ind1="1" ind2=" ">
    <subfield code="a">Implementaci&#xF3;n de ITIL V3.0 y su influencia en el proceso de gesti&#xF3;n de incidencias y cambios en el &#xE1;rea de TI de la consultora EsProTec /</subfield>
    <subfield code="c">Geraldine Ver&#xF3;nica Alvizuri Llerena.</subfield>
  </datafield>
  <datafield tag="264" ind1=" " ind2="0">
    <subfield code="c">2014.</subfield>
  </datafield>
  <datafield tag="300" ind1=" " ind2=" ">
    <subfield code="a">159 hojas : </subfield>
    <subfield code="b">ilustraciones;</subfield>
    <subfield code="c">30 cm</subfield>
  </datafield>
  <datafield tag="336" ind1=" " ind2=" ">
    <subfield code="a">text</subfield>
    <subfield code="2">rdacontent</subfield>
  </datafield>
  <datafield tag="337" ind1=" " ind2=" ">
    <subfield code="a">unmediated</subfield>
    <subfield code="2">rdamedia</subfield>
  </datafield>
  <datafield tag="338" ind1=" " ind2=" ">
    <subfield code="a">volume</subfield>
    <subfield code="2">rdacarrier</subfield>
  </datafield>
  <datafield tag="502" ind1=" " ind2=" ">
    <subfield code="a">Tesis</subfield>
    <subfield code="b">(Mg.) -- </subfield>
    <subfield code="c">Universidad Peruana Uni&#xF3;n,</subfield>
    <subfield code="d">2014.</subfield>
  </datafield>
  <datafield tag="504" ind1=" " ind2=" ">
    <subfield code="a">Incluye lista de referencias</subfield>
  </datafield>
  <datafield tag="520" ind1="3" ind2=" ">
    <subfield code="a">El presente trabajo de investigaci&#xF3;n muestra la implementaci&#xF3;n de procesos y soluciones de mora en los procesos del &#xE1;rea de TI de la Consultora EsProTec. La mejora de los procesos se realiz&#xF3; conforme a las buenas pr&#xE1;cticas de ITIL v3, en primer lugar se describe todo lo referente a ITIL v3 lo que permitir&#xE1; crear un marco de trabajo sobre el cual se podr&#xE1; fundamentar esta investigaci&#xF3;n. Se realiz&#xF3; un an&#xE1;lisis de los procesos existentes donde se evalu&#xF3;, defini&#xF3; y valid&#xF3; los procesos del &#xE1;rea de TI para documentarlos e implementarlos; en segundo lugar se describi&#xF3; la implementaci&#xF3;n de la plataforma tecnol&#xF3;gica que permiti&#xF3; soportar los procesos de mesa de ayuda, problemas, cambios y eventos. Las buenas pr&#xE1;cticas de ITIL V3 se valid&#xF3; a trav&#xE9;s de la consultora EsProTec, el an&#xE1;lisis y la evaluaci&#xF3;n realizada gener&#xF3; una mejora importante en los procesos permitiendo realizar una ejecuci&#xF3;n adecuada de los roles involucrados y la implementaci&#xF3;n de una herramienta apropiada la cual admiti&#xF3; que se atendieran eficientemente las incidencias por el personal, as&#xED; mismo se pudo generar un registro de incidencias, se logr&#xF3; detectar posibles futuros problemas y se realiz&#xF3; los cambios necesarios en la infraestructura TI mediante la gesti&#xF3;n de cambios y la gesti&#xF3;n de eventos, brindando una pronta y programada soluci&#xF3;n.</subfield>
  </datafield>
  <datafield tag="526" ind1=" " ind2=" ">
    <subfield code="a">SEG44</subfield>
  </datafield>
  <datafield tag="526" ind1=" " ind2=" ">
    <subfield code="a">SEG26</subfield>
  </datafield>
  <datafield tag="526" ind1=" " ind2=" ">
    <subfield code="a">P151</subfield>
  </datafield>
  <datafield tag="526" ind1=" " ind2=" ">
    <subfield code="a">P150</subfield>
  </datafield>
  <datafield tag="526" ind1=" " ind2=" ">
    <subfield code="a">P149</subfield>
  </datafield>
  <datafield tag="526" ind1=" " ind2=" ">
    <subfield code="a">P146</subfield>
  </datafield>
  <datafield tag="526" ind1=" " ind2=" ">
    <subfield code="a">P145</subfield>
  </datafield>
  <datafield tag="526" ind1=" " ind2=" ">
    <subfield code="a">P126</subfield>
  </datafield>
  <datafield tag="526" ind1=" " ind2=" ">
    <subfield code="a">P125</subfield>
  </datafield>
  <datafield tag="526" ind1=" " ind2=" ">
    <subfield code="a">P92</subfield>
  </datafield>
  <datafield tag="526" ind1=" " ind2=" ">
    <subfield code="a">P75</subfield>
  </datafield>
  <datafield tag="526" ind1=" " ind2=" ">
    <subfield code="a">P74</subfield>
  </datafield>
  <datafield tag="526" ind1=" " ind2=" ">
    <subfield code="a">P27</subfield>
  </datafield>
  <datafield tag="526" ind1=" " ind2=" ">
    <subfield code="a">P15</subfield>
  </datafield>
  <datafield tag="650" ind1="0" ind2="4">
    <subfield code="a">Consultora ExProTec</subfield>
    <subfield code="x">Innovacines tecnol&#xF3;gicas</subfield>
  </datafield>
  <datafield tag="596" ind1=" " ind2=" ">
    <subfield code="a">1</subfield>
  </datafield>
  <datafield tag="942" ind1=" " ind2=" ">
    <subfield code="2">ddc</subfield>
    <subfield code="c">TESIS</subfield>
  </datafield>
  <datafield tag="999" ind1=" " ind2=" ">
    <subfield code="a">TIS 3 A45 2014</subfield>
    <subfield code="w">ALPHANUM</subfield>
    <subfield code="c">7452</subfield>
    <subfield code="i">T01664</subfield>
    <subfield code="l">CCODEBUL3</subfield>
    <subfield code="m">BUL</subfield>
    <subfield code="r">1</subfield>
    <subfield code="s">Y</subfield>
    <subfield code="t">TESIS</subfield>
    <subfield code="u">2015-10-2</subfield>
    <subfield code="x">POSGRADO</subfield>
    <subfield code="P">P74</subfield>
    <subfield code="o">.STAFF. Tesos</subfield>
    <subfield code="d">7452</subfield>
  </datafield>
  <datafield tag="980" ind1=" " ind2=" ">
    <subfield code="8">1</subfield>
    <subfield code="g">ALBERTO SANCHEZ Responsable de Automatizaci&#xF3;n</subfield>
  </datafield>
  <datafield tag="952" ind1=" " ind2=" ">
    <subfield code="r">2022-07-06 00:00:00</subfield>
    <subfield code="l">0</subfield>
    <subfield code="o">TIS 3 A45 2014</subfield>
    <subfield code="p">T01664</subfield>
    <subfield code="t">e1</subfield>
    <subfield code="w">2015-10-02</subfield>
    <subfield code="x">PG</subfield>
    <subfield code="y">TESIS</subfield>
    <subfield code="z">Este &#xCD;tem NO se presta por ser Ejemplar #1.</subfield>
    <subfield code="1">0</subfield>
    <subfield code="2">ddc</subfield>
    <subfield code="7">1</subfield>
    <subfield code="8">TESIS</subfield>
    <subfield code="f">P74</subfield>
    <subfield code="a">BUL</subfield>
    <subfield code="b">BUL</subfield>
    <subfield code="c">TESIS</subfield>
    <subfield code="d">2015-10-02</subfield>
  </datafield>
</record>
